Chinese Provinces from their Capitals - Statistics

General Stats
  • This quiz has been taken 74 times
  • The average score is 27 of 31
Answer Stats
Hint Answer % Correct
Beijing Beijing
96%
Guangzhou Guangdong
96%
Shanghai Shanghai
95%
Kunming Yunnan
95%
Chongqing Chongqing
93%
Hohhot Inner Mongolia
93%
Lhasa Tibet
93%
Chengdu Sichuan
91%
Tianjin Tianjin
91%
Hefei Anhui
89%
Fuzhou Fujian
89%
Haikou Hainan
89%
Shijiazhuang Hebei
89%
Harbin Heilongjiang
89%
Urunchi Xinjiang
89%
Nanning Guangxi
88%
Xining Qinghai
88%
Xi'an Shaanxi
88%
Lanzhou Gansu
86%
Guiyang Guizhou
86%
Wuhan Hubei
86%
Hangzhou Zhejiang
86%
Changchun Jilin
84%
Changsha Hunan
82%
Zhengzhou Henan
81%
Yinchuan Ningxia
81%
Taiyuan Shanxi
81%
Nanjing Jiangsu
79%
Shenyang Liaoning
79%
Jinan Shandong
79%
Nanchang Jiangxi
77%
No matching quizzes found
Score Distribution
Percent of People with Each Score
Percentile by Number Answered
Your Score History
You have not taken this quiz